Catholic University of Zimbabwe Library
Online Public Access Catalogue
(OPAC)

A Fragile Inheritance (Record no. 26008)

MARC details
000 -LEADER
fixed length control field 01962cam a22005054a 4500
001 - CONTROL NUMBER
control field muse79507
003 - CONTROL NUMBER IDENTIFIER
control field MdBmJHUP
005 - DATE AND TIME OF LATEST TRANSACTION
control field 20210127151517.0
006 - FIXED-LENGTH DATA ELEMENTS--ADDITIONAL MATERIAL CHARACTERISTICS
fixed length control field m o d
007 - PHYSICAL DESCRIPTION FIXED FIELD--GENERAL INFORMATION
fixed length control field cr||||||||nn|n
008 - FIXED-LENGTH DATA ELEMENTS--GENERAL INFORMATION
fixed length control field 190225s2019 ncu o 00 0 eng d
010 ## - LIBRARY OF CONGRESS CONTROL NUMBER
Canceled/invalid LC control number 2019009378
020 ## - INTERNATIONAL STANDARD BOOK NUMBER
International Standard Book Number 9781478003380
020 ## - INTERNATIONAL STANDARD BOOK NUMBER
International Standard Book Number 1478003383
020 ## - INTERNATIONAL STANDARD BOOK NUMBER
Canceled/invalid ISBN 9781478001867
020 ## - INTERNATIONAL STANDARD BOOK NUMBER
Canceled/invalid ISBN 1478001860
035 ## - SYSTEM CONTROL NUMBER
System control number (OCoLC)1142317667
040 ## - CATALOGING SOURCE
Original cataloging agency MdBmJHUP
Transcribing agency MdBmJHUP
043 ## - GEOGRAPHIC AREA CODE
Geographic area code a-ii---
050 14 - LIBRARY OF CONGRESS CALL NUMBER
Classification number N7304
082 0# - DEWEY DECIMAL CLASSIFICATION NUMBER
Classification number 709.54/0904
Edition number 23
100 1# - MAIN ENTRY--PERSONAL NAME
Personal name Mathur, Saloni,
Relator term author.
245 12 - TITLE STATEMENT
Title A Fragile Inheritance
Remainder of title Radical Stakes in Contemporary Indian Art /
Statement of responsibility, etc. Saloni Mathur.
264 #1 - PRODUCTION, PUBLICATION, DISTRIBUTION, MANUFACTURE, AND COPYRIGHT NOTICE
Name of producer, publisher, distributor, manufacturer Duke University Press,
264 #3 - PRODUCTION, PUBLICATION, DISTRIBUTION, MANUFACTURE, AND COPYRIGHT NOTICE
Name of producer, publisher, distributor, manufacturer Project MUSE,
300 ## - PHYSICAL DESCRIPTION
Extent 1 online resource (1 online resource.)
504 ## - BIBLIOGRAPHY, ETC. NOTE
Bibliography, etc. note Includes bibliographical references and index.
505 0# - FORMATTED CONTENTS NOTE
Formatted contents note Introduction: A fragile inheritance -- Earthly ecologies -- The edifice complex -- The world, the art, and the critic -- Urban economies -- Epilogue late styles.
506 0# - RESTRICTIONS ON ACCESS NOTE
Terms governing access Open Access
Standardized terminology for access restriction Unrestricted online access
Source of term star
588 ## - SOURCE OF DESCRIPTION NOTE
Source of description note Description based on print version record.
650 #0 - SUBJECT ADDED ENTRY--TOPICAL TERM
Topical term or geographic name entry element Art
General subdivision Political aspects
Geographic subdivision India.
650 #0 - SUBJECT ADDED ENTRY--TOPICAL TERM
Topical term or geographic name entry element Art, Indic
Chronological subdivision 21st century.
650 #0 - SUBJECT ADDED ENTRY--TOPICAL TERM
Topical term or geographic name entry element Art, Indic
Chronological subdivision 20th century.
600 11 - SUBJECT ADDED ENTRY--PERSONAL NAME
Personal name Kapur, Geeta,
Dates associated with a name 1943-
General subdivision Criticism and interpretation.
600 11 - SUBJECT ADDED ENTRY--PERSONAL NAME
Personal name Sundaram, Vivan
General subdivision Criticism and interpretation.
655 #7 - INDEX TERM--GENRE/FORM
Genre/form data or focus term Electronic books.
Source of term local
776 18 - ADDITIONAL PHYSICAL FORM ENTRY
Relationship information Print version:
Title Fragile inheritance
Place, publisher, and date of publication Durham : Duke University Press, 2019
International Standard Book Number 9781478001867
Record control number (DLC) 2019006362
710 2# - ADDED ENTRY--CORPORATE NAME
Corporate name or jurisdiction name as entry element Project Muse.
Relator term distributor
830 #0 - SERIES ADDED ENTRY--UNIFORM TITLE
Uniform title Book collections on Project MUSE.
856 40 - ELECTRONIC LOCATION AND ACCESS
Public note Full text available:
Uniform Resource Identifier <a href="https://muse.jhu.edu/book/71073/">https://muse.jhu.edu/book/71073/</a>
Holdings
Withdrawn status Lost status Source of classification or shelving scheme Damaged status Not for loan Home library Current library Shelving location Date acquired Total Checkouts Date last seen Uniform Resource Identifier Price effective from Koha item type
          Digital Library Digital Library Online Access 27.01.2021   27.01.2021 https://muse.jhu.edu/book/71073/ 27.01.2021 eBook

OPENING HOURS

Weekdays: 0815hrs - 1800hrs
Weekends:0900hrs - 1200hrs

Closed for Mass:

Mon, Thur: 1200hrs - 1300hrs
Sunday & Public Holiday’s

CALL SUPPORT

0242-570570, 0242-570169
09200664, +263 8644140602

LOCATION

18443, Cranborne Avenue, Hatfield, Harare

Other Links


©2021 | CUZ Library